01225nab a22002657a 4500999001500000003000400015005001700019008004100036040000700077100003200084245016500116300001300281500003700294505010500331505013200436650002800568650002000596650002900616650003400645650004200679650003500721700003400756773015600790942001300946 c6211d6211OSt20260125234711.0190514b xxu||||| |||| 00| 0 spa d cPJ 96938aGarcía, Elsa Paola 13aEl impacto de la violencia familiar en la designación del administrador judicial en la sucesión ab intestato /bElsa Paola García, Julia Pedrido Mariani.  ap. 33-38 aCita: TR LALEY AR/DOC/1511/2024. aSumario: I. Introducción. Conceptos claves relativos al fallo en cuestión.— II. Conclusión.  tFallo comentado: CCiv. y Com., Azul, sala II ~ 19/12/2023 ~ G., C. G. y G. F., A. M. s/ sucesiones ab intestato (inforec 970). 09967aDERECHO DE FAMILIA 09888aSUCESIONES 091134aVIOLENCIA FAMILIAR 094044aPERSPECTIVA DE GÉNERO 094618aADMINISTRACIÓN DE LA HERENCIA 091057aJURISPRUDENCIA APLICABLE 96939aPedrido Mariani, Julia 0 0284493222dBuenos Aires : AbeledoPerrot, 1989-tDerecho de familia. Revista Interdisciplinaria de doctrina y jurisprudencia. Agosto 2024-IV.z18511201 2udccANA